التالف : (Record no. 60494)
[ view plain ]
| 000 -الفاتح | |
|---|---|
| حقل البيانات ثابتة الطول | 00951nam a22002297a 4500 |
| 005 - وقت وتاريخ اخر تعامل مع التسجيلة | |
| رقم الضبط | 20240530110413.0 |
| 008 - عناصر البيانات ثابتة الطول - معلومات عامة | |
| حقل البيانات ثابتة الطول | 150222s2012 ua o f 001 0 ara d |
| 017 ## - رقم الايداع القانونى | |
| رقم الايداع القانونى | 13662/2011 |
| المصدر ( الهيئة المختصة) | مصر . دار الكتب المصرية |
| 020 ## - الرقم الدولى المعيارى للكتب | |
| الرقم الدولى المعيارى للكتاب | 9771444085 |
| 040 ## - مصدر الفهرسة | |
| وكالة الفهرسة الأصلية | EG-CaGPL |
| 041 0# - رمز اللغة | |
| رمز لغة النص/ المسارات الصوتية أو العنوان الانفرادي | ara |
| 082 ## - رقم تصنيف ديوى العشرى | |
| رقم الطبعة | 21 |
| رقم التصنيف | 578.4 |
| رقم المادة | ط/ت ر |
| 100 1# - المدخل الرئيسى - إسم شخصى | |
| الإسم الشخصى | تشارلز ، ويلز |
| الشكل الأكمل للاسم | الامير تشارلز ولى عهد انجلترا |
| 245 12 - بيان العنوان | |
| العنوان | التالف : |
| بقية العنوان | رؤية لمستقبلنا / |
| بيان المسئوليه,etc | تاليف تشارلز ، ويلز ؛ ترجمة ياسمين مطاوع ؛ اشراف داليا محمد ابراهيم |
| 250 ## - بيان الطبعة | |
| بيان الطبعة | ط1 |
| 300 ## - الوصف المادى | |
| التعداد | 31 ص : |
| تفاصيل ماديه اخرى للوعاء | صور ؛ |
| أبعاد الوعاء | 24 سم |
| 700 0# - المدخل الاضافى - اسم شخصى | |
| الإسم الشخصى | ياسمين مطاوع |
| الدور | مترجم |
| 700 0# - المدخل الاضافى - اسم شخصى | |
| الإسم الشخصى | داليا محمد ابراهيم |
| الدور | مشرف |
| 942 ## - عناصر المدخل الإضافي( كوها) | |
| مصدر التصنيف او مخطط الترفيف | Dewey Decimal Classification |
| Koha [default] item type | كتاب |
| 260 ## - PUBLICATION, DISTRIBUTION, ETC. (IMPRINT) | |
| -- | القاهرة : |
| -- | نهضة مصر للطباعة والنشر والتوزيع ، |
| حالة التراجع | حالة الفقد | حالة تلف | ليس للاعارة | المكان المؤقت | الموقع الحالى | تاريخ الاكتساب | اجمالي اﻻعارات | رقم الطلب | الباركود | تاريخ اخر مشاهدة | تاريخ تفعيل السعر | نوع وعاء كوها |
|---|---|---|---|---|---|---|---|---|---|---|---|---|
| مكتبة القاهرة الكبرى | مكتبة القاهرة الكبرى | 02/22/2015 | 578.4 ط/ت ر | 159560 | 02/22/2015 | 02/22/2015 | كتاب |

